1907 1136 1081 1515 1458 1480 1325 1804 1164 1703 1605 1361 1336 1899 1692 1784 1954 1132 1620 1788 1186 1466 1241 1510 1026 1230 1576 1277 1629 1179 1834 1920 1883 1822 1699 1580 1878 1395 1315 1525 1118 1973 1346 1607 1425 1296 1749 1045 1267 1133 1476 1851 1760 1474 1151 1415 1755 1965 1637 1076 1358 1321 1589 1737 1232 1823 1584 1062 1920 1417 1536 1341 1219 1391 1877 1920 1841 1341 1606 1287 1949 1547 1784 1875 1146 1774 1123 1973 1420 1199 1832 1532 1359 1102 1951 1804 1500 1430 1961 BCNSPRNW ULIB Ver.6.0+V

เปลี่ยนเป็นภาษาไทย

Change to English
 แสดงรายละเอียดบรรณานุกรม
  กลับหน้าหลัก

Brief Record : Get Marc (ISO 2709) : E-mail record : QR code < ปิดหน้าต่าง
LEADER : 00000nam 2200000uu 4500
001    13399121373
003     ULIB
008    121116s2548||||th 000 0 tha d
020    ^a9749545362
099    ^aวจ.WB84^bร451
245 00 ^aรายงานสรุปผลโครงการแม่บท ในชุดโครงการวิจัยเพื่อพัฒนาสุขภาพคนไทย /^cโดยคณะนักวิจัย 64 คน ; คณะบรรณาธิการ ไกรสิทธิ์ ตันติศิรินทร์, เยาวรัตน์ ปรปักษ์ขาม, ลินดา วงศานุพัทธ์
260    ^aกรุงเทพฯ :^bสำนักงานคณะกรรมการวิจัยแห่งชาติ,^c2548.
300    ^a[ก]-ฐ, 202 หน้า :^bภาพประกอบ.
650  7 ^aคุณภาพชีวิต^zไทย^xวิจัย.
650  7 ^aการส่งเสริมสุขภาพ^zไทย^xวิจัย.
650  7 ^aบริการทางการแพทย์^zไทย^xวิจัย.
650  7 ^aสาธารณสุข^zไทย^xวิจัย.
650  7 ^aการบริหารสาธารณสุข^zไทย^xวิจัย.
650  7 ^aนโยบายสุขภาพ^zไทย^xวิจัย.
700 0  ^aลินดา วงศานุพัทธ์,^eบรรณาธิการ.
700 0  ^aเยาวรัตน์ ปรปักษ์ขาม,^eบรรณาธิการ.
700 0  ^aไกรสิทธิ์ ตันติศิรินทร์,^eบรรณาธิการ.
945    ^p0^l0^i033102
999    ^aทศพร
รายการนี้ยังไม่มีแท็ก
คุณยังไม่ได้ล็อกอิน คุณสามารถมีกิจกรรมร่วมกับเว็บไซต์ได้ แต่ต้องล็อกอินก่อน ::
  ล็อกอิน

รายการสื่อสารสนเทศ

ลำดับที่ ประเภท เลขเรียก/บาร์โค้ด สถานที่ สถานะ
1. งานวิจัย
งานวิจัย
วจ.WB84 ร451 ฉ.1 
  Barcode: 033102
ห้องสมุดวิทยาเขตสวรรค์ประชารักษ์
►วิจัย
บนชั้น

BibComment


ยังไม่เคยถูกคอมเมนท์

คอมเมนท์ทรัพยากรรายการนี้
  คอมเมนท์: รายงานสรุปผลโครง..


 Copyright 2026. Bcnsprnw @Library